[Event "Titled Tuesday intern op 19th Sep Late"]
[Site "Chess.com INT"]
[Date "2023.09.19"]
[Round "4"]
[White "Garcia Correa, Jose Ricardo"]
[Black "Brilej, Jaka"]
[Result "0-1"]
[WhiteElo "2103"]
[BlackElo "2306"]
[PlyCount "106"]
[EventDate "2023.09.19"]
[EventType "swiss (blitz)"]
[EventRounds "11"]
[EventCountry "USA"]
[SourceTitle "EXT 2024"]
[Source "ChessBase"]
[SourceDate "2023.10.10"]
[SourceVersion "1"]
[SourceVersionDate "2023.10.10"]
[SourceQuality "1"]

1. e4 e6 2. d4 d5 3. Nc3 Nf6 4. Bg5 dxe4 5. Nxe4 Be7 6. Bxf6 gxf6 7. Nf3 f5 8. Nc3 a6 9. d5 Bf6 10. Qd2 Nd7 11. dxe6 fxe6 12. 0-0-0 Qe7 13. Bc4 Nb6 14. Bb3 Bd7 15. Kb1 0-0-0 16. Qe3 e5 17. Nd5 Nxd5 18. Bxd5 Kb8 19. Rhe1 e4 20. Nd4 Bc8 21. Qb3 Qc5 22. Nxf5 Qxf2 23. Bxe4 Rhe8 24. Rf1 Rxd1+ 25. Rxd1 Rxe4 26. Ng3 Re1 27. c3 Be6 28. Qa4 Bf5+ 29. Nxf5 Qxf5+ 30. Ka1 Qe5 31. a3 Rxd1+ 32. Qxd1 Qxh2 33. Qf3 Qe5 34. Qh3 h5 35. Qd7 h4 36. Qf7 Qe7 37. Qg8+ Ka7 38. Qc4 Qe1+ 39. Ka2 Qe5 40. Qf7 c6 41. Qh7 Qd5+ 42. Kb1 Qxg2 43. Qd3 Qd5 44. Qe3+ c5 45. Qf4 Qe5 46. Qf2 h3 47. b4 h2 48. bxc5 h1Q+ 49. Ka2 Qhd5+ 50. Kb2 Qxc5 51. Qxc5+ Qxc5 52. Kb3 Qxc3+ 53. Ka4 b5# 0-1

[Event "Titled Tuesday intern op 12th Sep Early"]
[Site "Chess.com INT"]
[Date "2023.09.12"]
[Round "9"]
[White "Brilej, Jaka"]
[Black "Goswami, Vedant"]
[Result "0-1"]
[WhiteElo "2306"]
[BlackElo "2034"]
[PlyCount "59"]
[EventDate "2023.09.12"]
[EventType "swiss (blitz)"]
[EventRounds "11"]
[EventCountry "USA"]
[SourceTitle "EXT 2024"]
[Source "ChessBase"]
[SourceDate "2023.10.10"]
[SourceVersion "1"]
[SourceVersionDate "2023.10.10"]
[SourceQuality "1"]

1. d4 Nf6 2. Bg5 e6 3. e4 Be7 4. e5 Nd5 5. Bxe7 Nxe7 6. Nf3 d6 7. Bd3 dxe5 8. Nxe5 Nbc6 9. 0-0 Qxd4 10. Nf3 Qxb2 11. Nbd2 Qf6 12. Ne4 Qh6 13. Rb1 0-0 14. Qe2 Nd5 15. g3 e5 16. Nc5 Nc3 17. Qe1 Nxb1 18. Qxb1 b6 19. Ne4 Bg4 20. Nfg5 Kh8 21. Bc4 Qg6 22. Qb5 Nd4 23. Qxe5 Nf3+ 24. Nxf3 Bxf3 25. Ng5 f6 26. Nf7+ Rxf7 27. Bxf7 Qxf7 28. Qf4 Bb7 29. Re1 Qd5 30. f3 0-1